00472nam a2200181Ia 4500003000400000005001700004008004100021020002200062040000700084041000800091082002300099100001900122245005800141260004300199300001700242365001300259650001800272OSt20230323115541.0210423s2015 xx 000 0 und d a978-93-84052-46-1 cAL aeng a822.914 223bIBSD aIBSEN (Henrik) aDolls house Tr by Michael MeyercNon and Nick Worrall aNew DelhibBloomsbury Publishingc2015 alxii,116bPB b199cINR aEnglish Drama